1269 1684 1572 1215 1459 1059 1178 1193 1478 1126 1808 1297 1857 1103 1483 1205 1939 1961 1719 1415 1349 1723 1479 1549 1167 1615 1231 1517 1895 1828 1297 1128 1923 1746 1264 1820 1636 1141 1459 1070 1367 1600 1599 1686 1737 1870 1547 1270 1087 1111 1176 1966 1474 1927 1798 1558 1683 1763 1275 1775 1962 1045 1643 1978 1331 1081 1020 1320 1154 1426 1243 1116 1142 1208 1327 1429 1626 1796 1791 1999 1862 1630 1127 1376 1196 1234 1787 1365 1229 1347 1555 1845 1252 1450 1414 1164 1530 1158 1743 BCNSPRNW ULIB Ver.6.0+V

เปลี่ยนเป็นภาษาไทย

Change to English
 แสดงรายละเอียดบรรณานุกรม
  กลับหน้าหลัก

Brief Record : Get Marc (ISO 2709) : E-mail record : QR code < ปิดหน้าต่าง
LEADER : 00000nam 2200000uu 4500
001    13399112202
003     ULIB
008    110801s2554||||th 000 0 tha d
020    97861625200684
090    นว.^bว264พ 2554
100 0  วรรณศุกร์
245 00 พระจันทร์หวานใจ/^cวรรณศุกร์
260    กรุงเทพฯ:^b1168 publishing,^c2554.
300    300 หน้า
945    ^p189^l0^i18458
995    เกษร
999 ^a ใช้งานได้ทุกระบบ
รายการนี้ยังไม่มีแท็ก
คุณยังไม่ได้ล็อกอิน คุณสามารถมีกิจกรรมร่วมกับเว็บไซต์ได้ แต่ต้องล็อกอินก่อน ::
  ล็อกอิน

รายการสื่อสารสนเทศ

ลำดับที่ ประเภท เลขเรียก/บาร์โค้ด สถานที่ สถานะ
1. นวนิยาย
นวนิยาย
นว. ว264พ 2554  
  Barcode: 18458
ห้องสมุดวิทยาเขตสวรรค์ประชารักษ์
►นวนิยาย
บนชั้น
  ขอยืม

รายการใกล้เคียง
    ผู้แต่ง [วรรณศุกร์]

BibComment


ยังไม่เคยถูกคอมเมนท์

คอมเมนท์ทรัพยากรรายการนี้
  คอมเมนท์: พระจันทร์หวานใจ ว..


 Copyright 2026. Bcnsprnw @Library